Libro rojo de peces marinos de Colombia (2017) / (Registro nro. 20671)

Detalles MARC
000 -CABECERA
Campo de control 01432cam a2200361 a 4500
005 - FECHA Y HORA DE LA ULTIMA TRANSACCION
Campo de control 20191230064122.0
008 - ELEMENTOS DE LONGITUD FIJA—INFORMACION GENERAL
Campo de control 180423s2017 ck ab gr 00110 spa d
020 ## - ISBN
ISBN 9789588935263
040 ## - FUENTE DE CATALOGACIÓN
Agencia catalogadora original CO-BoBLA
Agencia transcriptora CO-BoBLA
041 ## - IDIOMA
Código de idioma para texto/pista de sonido o título separado Español
043 ## - GEOGRAPHIC AREA CODE
Geographic area code s-ck---
044 ## - PAÍS DE PUBLICACIÓN
País de publicación Colombia
082 04 - NUMERO DE CLASIFICACION DECIMAL DEWEY
Número de clasificación 597.092
Número del ítem C38l
100 ## - ASIENTO PRINCIPAL--NOMBRE PERSONAL
9 (RLIN) 102179
Nombre personal Chasqui Velasco, Luis
245 00 - MENCION DE TITULO
Título Libro rojo de peces marinos de Colombia (2017) /
Mención de responsabilidad Luis Chasqui Velasco, Andrea Polanco F., Arturo Acero P. [y otros].
260 ## - PUBLICACION, DISTRIBUCION, ETC. (PIE DE IMPRENTA)
Lugar de publicación, distribución, etc. Santa Marta :
Nombre del editor, distribuidor, etc. Instituto de Investigaciones Marinas y Costeras,
-- Ministerio de Ambiente,
Fecha de publicación, distribución, etc. 2017.
300 ## - DESCRIPCION FISICA
Extensión 554 páginas :
Otros detalles físicos ilustraciones, mapas ;
Dimensiones 24 x 17.2 cm.
504 ## - NOTA DE BIBLIOGRAFIA, ETC.
Nota de bibliografía Incluye referencias bibliográficas (páginas 465-531) e índice.
650 ## - ASIENTO SECUNDARIO DE MATERIA - TERMINO TEMATICO
Término temático o nombre geográfico como elemento de entrada Peces marinos
Subdivisión general Distribución geográfica
Subdivisión geográfica Colombia.
9 (RLIN) 102180
650 #4 - ASIENTO SECUNDARIO DE MATERIA - TERMINO TEMATICO
Término temático o nombre geográfico como elemento de entrada Peces extintos
Subdivisión geográfica Colombia.
9 (RLIN) 102181
650 ## - ASIENTO SECUNDARIO DE MATERIA - TERMINO TEMATICO
Término temático o nombre geográfico como elemento de entrada Peces marinos
Subdivisión general Clasificación
Subdivisión geográfica Colombia.
9 (RLIN) 102182
650 ## - ASIENTO SECUNDARIO DE MATERIA - TERMINO TEMATICO
Término temático o nombre geográfico como elemento de entrada Población de peces
Subdivisión geográfica Colombia.
9 (RLIN) 102183
650 ## - ASIENTO SECUNDARIO DE MATERIA - TERMINO TEMATICO
Término temático o nombre geográfico como elemento de entrada Peces marinos
Subdivisión general Hábitos y conducta.
9 (RLIN) 102184
700 1# - ASIENTO SECUNDARIO - NOMBRE PERSONAL
Nombre personal Chasqui Velasco, Luis.
9 (RLIN) 102179
700 1# - ASIENTO SECUNDARIO - NOMBRE PERSONAL
Nombre personal Polanco F., Andrea.
9 (RLIN) 100218
700 1# - ASIENTO SECUNDARIO - NOMBRE PERSONAL
Nombre personal Acero P, Arturo.
9 (RLIN) 7522
700 1# - ASIENTO SECUNDARIO - NOMBRE PERSONAL
Nombre personal Mejía-Falla, Paola A.
9 (RLIN) 100640
700 1# - ASIENTO SECUNDARIO - NOMBRE PERSONAL
Nombre personal Navia, Andrés Felipe.
9 (RLIN) 73329
700 1# - ASIENTO SECUNDARIO - NOMBRE PERSONAL
Nombre personal Zapata Padilla, Luis Alonso.
9 (RLIN) 44140
700 1# - ASIENTO SECUNDARIO - NOMBRE PERSONAL
Nombre personal Caldas, Juan Pablo.
9 (RLIN) 73330
942 ## - ELEMENTOS ADICIONALES (KOHA)
Sistema de clasificación Dewey Decimal Classification
Tipo de ítem Libro
949 ## - LOCAL PROCESSING INFORMATION (OCLC)
a c
b c
Existencias
Withdrawn status Lost status Sistema de Clasificación Damaged status No para préstamo Colección Ubicación Permanente Ubicación actual Fecha de adquisición Total Checkouts Número topográfico Inventario / Código de Barras Date last seen Ejemplar Price effective from Forma de adquisición Tipo de material
    Dewey Decimal Classification     General Bogotá Bogotá 30/12/2019   LB-597.092 C38l 043949 30/12/2019 Ej.1 30/12/2019 Donación Libro